Statistics for JetPunk Server 2019 FC's

Click here to take the quiz!

General Stats

  • This quiz has been taken 8 times
  • The average score is 14 of 24

Answer Stats

#RankNameJetPunk Name% Correct
1st#669NikhazNikhaz
86%
3rd#9 | #87RoxyRoxyPL | RoxyTheQuizzer
86%
4th#2StewartStewart
86%
5th#15VickyVicky
86%
9th#68JeremyJeremy
71%
16th#142JoshFlabberBapper
71%
17th#86NinjaNINJAQKk
71%
7th#143SwatSWATkun
71%
11th#185UGUG332
71%
15th#3AmanQuizzer6794
57%
8th#21AnnaBolyaiAnna
57%
21st#20,183GyruleGyrule
57%
18th#169MaxMiracleMax
57%
2nd#78OskarOskarRB
57%
13th#3,130RedRedLightning
57%
6th#13,543SaduFincye
57%
12th#731StefStef2
57%
14th#797TomHollandStanJisoo
57%
20th#7GassuGassu
43%
10th#66NateNathaniel
43%
24th#73NillesNilles
43%
22nd#25JatoJato
29%
23rd-MalkiMalkiboy
14%
19th#2,017RaweRawe
14%

Score Distribution

Percentile by Number Answered

Percent of People with Each Score

Your Score History

You have not taken this quiz